000 00691nam a2200181 a 4500
001 000048222
005 20201002061012.0
008 181207s2016 dr ac r 000 0 spa d
020 _a9789945901092
040 _aDO-SdBNP
_bspa
_cBNPHU
082 _axxxx
_bC117a
100 1 _aCabrera, Francisco
_975663
245 1 0 _aAprendo y construyo futuro :
_binforme de sistematización de aprendizajes /
_cFrancisco Cabrera.
260 _aSanto Domingo :
_bOrganización de Estados Iberoamericanos para la Educación, la Ciencia y la Cultura (OEI),
_bQuisqueya aprende contigo,
_c2016.
300 _a76 p. :
_bil., retr. ;
_c28 cm.
504 _aBibliografía : p. 69
590 _aInventariado, 2019/ YL
999 _c47710
_d47710